000 00741nam a22002057a 4500
999 _c18907
_d18907
003 AR-CdUCM
008 190515b ||||| |||| 00| 0 spa d
040 _aMUNICIPALIDAD PROVINCIAL DEL CUSCO
_cBIBLIOTECA MUNICIPAL DEL CUSCO
082 _22ed.
_a080 /
_bR84
100 _aRosales, Pablo Ascensio
_939820
245 _aCultura y libertad /
_bantología de lecturas históricas /
260 _aMéxico, D.F. :
_bPatria,
_c1973.
300 _a311 páginas ;
_bIlustraciones,
_c24 cm.
505 _aContenido: La antigua greco-romana -- El cristianismo --El medioevo -- El renacimiento...
650 _aAntigüedad
_939821
650 _aCristianismo
_92910
650 _aRenacimiento
_95449
942 _2ddc
_cLIBROS
945 _aacv
_d2019-05-15